| 000 | 00527cam a2200181 a 4500 | ||
|---|---|---|---|
| 001 | 000008303 | ||
| 005 | 20200929161326.0 | ||
| 008 | 761104s1975 ve 000 1 spa | ||
| 040 |
_aDO-SdBNP _bspa _cBNPHU |
||
| 082 |
_aV863.44 _bC545r |
||
| 100 | 1 |
_aChocron, Isaac E., _d1932- _922454 |
|
| 245 | 1 | 0 |
_aRompase en caso de incendio / _cIsaac Chocron. |
| 260 |
_aCaracas : _bMonte Avila, _c1975. |
||
| 300 |
_a352 p. ; _c18 cm. |
||
| 490 | 1 | _aContinente | |
| 650 | 4 |
_aNovela venezolana _93962 |
|
| 650 | 4 |
_aLiteratura venezolana _93816 |
|
| 999 |
_c8074 _d8074 |
||